000
00260nam a22001217a 4500
008
181204b xxu||||| |||| 00| 0 eng d
041
_a
eng
080
_a
610
100
_a
4
101
_a
SHM
245
_a
Pulmonary Hypertension
_c
Weir, E.K
942
_2
udc
_c
BK
999
_c
52813
_d
52813